Visualizzazione normale
Vista MARC
- Nisa (Salerno Nicola)
di Personal Name
Records bibliografici associati: 1
001 - CONTROL NUMBER
- control field: 2982
003 - CONTROL NUMBER IDENTIFIER
- control field: IT-RoPau
005 - DATE AND TIME OF LATEST TRANSACTION
- control field: 20131122152918.0
008 - FIXED-LENGTH DATA ELEMENTS
- fixed length control field: 131122|| aca||aabn | a|a d
040 ## - CATALOGING SOURCE
- Original cataloging agency: IT-RoPau
- Transcribing agency: IT-RoPau
100 ## - HEADING--PERSONAL NAME
- Personal name: Nisa (Salerno Nicola)
- Dates associated with a name: Codice autore musica SPICS: 13452
- Relator term: Autore musica
- Name of part/section of a work: La strada nel bosco
670 ## - SOURCE DATA FOUND
- Source citation: Work cat.: (IT-RoPau)99894: AA.VV. 794, Canzone e il cinema (La)